| 000 | 00457 a2200145 4500 | ||
|---|---|---|---|
| 005 | 20250319141342.0 | ||
| 020 | _a1-894131-83-5 | ||
| 082 | _a967.804 CHA | ||
| 100 | _aCHANDE, J.K. | ||
| 245 | _aA Knight in Africa: Journey from Bukene | ||
| 260 |
_aCanada _bPenumbra Press _c2005 |
||
| 300 |
_a159p., ill., picture, map _bIndex _c23cm. |
||
| 856 |
_yAccess Online Book _fA Knight in Africa: Journey from Bukene _dwww.penumbrapress.ca |
||
| 942 |
_2ddc _cBKS |
||
| 999 |
_c1001 _d1001 |
||